Sri Lanka, problems of governance / (Record no. 413)
[ view plain ]
| 000 -LEADER | |
|---|---|
| fixed length control field | 00596cam a2200181 a 4500 |
| 001 - CONTROL NUMBER | |
| control field | 51362 |
| 005 - DATE AND TIME OF LATEST TRANSACTION | |
| control field | 20240216035745.0 |
| 008 - FIXED-LENGTH DATA ELEMENTS--GENERAL INFORMATION | |
| fixed length control field | 930625s1993 ii b 001 0 eng |
| 020 ## - INTERNATIONAL STANDARD BOOK NUMBER | |
| ISBN | 8122003036 : |
| 040 ## - CATALOGING SOURCE (பட்டியலாக்க மூலம்) | |
| Original cataloging agency | DLC |
| Transcribing agency | DLC |
| Modifying agency | DLC |
| 082 00 - DDC Classification | |
| Class No. | 320.495. |
| DDC Edition Number | 21 |
| Item Number - Author Mark | SRI. |
| 245 00 - TITLE STATEMENT | |
| Title | Sri Lanka, problems of governance / |
| Statement of responsibility, etc. | edited by K.M. de Silva. |
| 260 ## - PUBLICATION, DISTRIBUTION, ETC. | |
| Place of publication, distribution, etc. | Delhi, India : |
| Name of publisher, distributor, etc. | Konark Publishers, |
| Date of publication, distribution, etc. | 1993. |
| 300 ## - PHYSICAL DESCRIPTION | |
| Extent (e.g. Volumes, Pages etc.) | xvi, 425 p. ; |
| 500 ## - GENERAL NOTE | |
| General note | "Under the auspices of Centre for Policy Research, New Delhi, and International Centre for Ethnic Studies, Sri Lanka." |
| 700 1# - ADDED ENTRY--PERSONAL NAME | |
| Personal name | De Silva, K. M. |
| 942 ## - Koha item type (Biblio) | |
| Koha item type | Books in Stacks (Lending) |
| Lost status | Damaged status | Collection code | Home library | Current library | Date acquired | Full call number | Accession Number | Item type |
|---|---|---|---|---|---|---|---|---|
| Lending | WERC Library | WERC Library | 02/16/2024 | 320.495. SRI. | 3241 | Books in Stacks (Lending) |
